000 00693cam a22002411 4500
001 6473131
005 20180213071215.0
008 770927s1946 xx 000 0 eng
010 _a 47000835
035 _a(OCoLC)3300227
040 _aDLC
_cOC
_dDLC
041 _aeng
042 _apremarc
080 _a694.1 SCO
082 _a694.1 SCO
100 1 _a27
101 _aIM
245 1 2 _aA course in modern timber engineering;
_cby Howard J. Hansen. Revised by W. Fleming Scofield.
504 _aBibliography: p. 85-86.
740 0 _aTimber engineering.
906 _a7
_bcbc
_coclcrpl
_du
_encip
_f19
_gy-gencatlg
942 _2ddc
_cBK
999 _c42385
_d42385